| 000 | 00356pab a2200145 454500 | ||
|---|---|---|---|
| 008 | 180718b1988 xxu||||| |||| 00| 0 eng d | ||
| 100 | _aMasani, M.R. | ||
| 245 | _aThe essence of democracy - not Kajority rule | ||
| 260 | _c1988 | ||
| 300 | _a3-6 | ||
| 362 | _aOct.& Nov. | ||
| 650 | _aDemocracy | ||
| 773 | _aMonthly Public Opinion Survey | ||
| 909 | _a7178 | ||
| 999 |
_c7178 _d7178 |
||